Early American furniture makers : a social and biographical study /

Bibliographic Details
Main Author: Ormsbee, Thomas H. (Thomas Hamilton), 1890-1969
Format: Book
Language:English
Published: New York : Tudor, [1935]
Subjects:

MARC

Tag First Indicator Second Indicator Subfields
LEADER 00000cam a2200000 4500
001 in00000594621
005 20151014163633.0
008 731101s1935 nyua b 00110 eng d
035 |a (OCoLC)00733508 
035 |9 ACS3041AM 
040 |c MIA  |d TXA  |d UtOrBLW 
049 |a TXAM  |c [1165610] 
090 |a NK2405  |b .O7 1935 
100 1 |a Ormsbee, Thomas H.  |q (Thomas Hamilton),  |d 1890-1969. 
245 1 0 |a Early American furniture makers :  |b a social and biographical study /  |c by Thomas Hamilton Ormsbee; with 122 illustrations. 
264 1 |a New York :  |b Tudor,  |c [1935] 
300 |a xviii, 183 pages :  |b illustrations ;  |c 24 cm. 
336 |a text  |b txt  |2 rdacontent 
337 |a unmediated  |b n  |2 rdamedia 
338 |a volume  |b nc  |2 rdacarrier 
500 |a Tables on lining-papers. 
504 |a Bibliography: pages 177-179. 
650 0 |a Furniture  |z United States  |x History. 
650 0 |a Cabinetmakers. 
999 |a MARS 
999 f f |s 491b5e2f-f73c-3b9a-b39b-fabf98b8084e  |i ff1a5b42-af01-3d5f-859b-15f1d02fd3fd  |t 0 
952 f f |p normal  |a Texas A&M University  |b College Station  |c Sterling C. Evans Library  |d Evans: Library Stacks  |t 0  |e NK2405 .O7 1935  |h Library of Congress classification  |i unmediated -- volume  |m A14803503745 
998 f f |a NK2405 .O7 1935  |t 0  |l Evans: Library Stacks